All Lord of the Rings and The Hobbit Characters-M - Statistics

General Stats
  • This quiz has been taken 19 times
  • The average score is 3 of 12
Answer Stats
Times Mentioned Answer % Correct
523 Meriadoc Brandybuck
100%
1 Morgoth
38%
5 Mrs Maggot
38%
3 Mouth of Sauron
25%
1 Muzgash
25%
12 Mablung
13%
1 Marigold
13%
2 Milo
13%
2 Mugwort
13%
1 Malbeth the Seer
0%
1 Meliot
0%
2 Menedil
0%
No matching quizzes found
Score Distribution
Percent of People with Each Score
Percentile by Number Answered
Your Score History
You have not taken this quiz